| 000 | 00793nam a2200217 a 4500 | ||
|---|---|---|---|
| 005 | 20250809063833.0 | ||
| 008 | 991125s1993 mx 000 0 spa u | ||
| 020 | _a9686946039 | ||
| 035 | _aUPN01000051152 | ||
| 049 | _aCG | ||
| 050 | 4 |
_aJL1292 _bP34.7 |
|
| 110 | 2 | _aPartido del Frente Cardenista de Reconstrucción Nacional (México) | |
| 245 | 1 | 3 |
_aLa reforma política integral : _biniciativa de reformas a la Constitución Política de los Estados Unidos Mexicanos / _cPartido del Frente Cardenista de Reconstrucción Nacional. |
| 260 |
_aMéxico : _bPFCRN, _c1993. |
||
| 300 | _a51 p. | ||
| 440 | 0 | _aIniciativas | |
| 650 | 4 |
_aDerecho electoral _zMéxico _96913 |
|
| 650 | 4 |
_aELECTORES, REGISTRO DE - _zMEXICO _920171 |
|
| 650 | 2 |
_aPartidos políticos _zMéxico _99992 |
|
| 905 | _aLibro | ||
| 999 |
_c51152 _d51152 |
||